Život krajanov v dokumentoch Svetový rok Slovákov je príležitosťou zintenzívniť snahu ...

Bibliographic Details
Main Author: Rajčevová, Jana (Author)
Format: Article
Language:Slovak
PhysicalDescription:Obr.
Subjects:

MARC

LEADER 00000nab a2200000 a 4500
001 vtls000653316
003 SK-MaSNL
005 20260305005440.0
008 180207c1998 xo 0 slo
015 |a SNBRA1998/03-06817 
035 |a CLN000005509 
040 |a SNKBUCL  |b slo  |c SNKBUCL  |e AACR2 
041 0 |a slo 
044 |a xo  |c SK 
080 |a 069.6.02(437.6):323.113(100=854):930.253  |2 UDC-MRF-SK2 
080 |a 323.113(=854)(100):930.253  |2 UDC-MRF-SK2 
080 |a 061.61(437.6)  |2 UDC-MRF-SK2 
100 1 |a Rajčevová, Jana  |4 aut  |9 896849 
245 1 0 |a Život krajanov v dokumentoch  |b Svetový rok Slovákov je príležitosťou zintenzívniť snahu ...  |c Jana Rajčevová 
300 |b Obr. 
610 2 7 |a Matica slovenská.  |b Krajanské múzeum  |2 snkbucl  |9 226200 
650 0 7 |a Slováci v zahraničí  |x zbierky archívne  |2 snkbucl  |9 1584277 
655 7 |a články z novín a časopisov  |2 snkbucl  |9 267496 
773 0 |t Slovenská republika víkend  |g Roč. 5, č. 12/66 (1998), s. 15 
850 |a Slovenská národná knižnica v Martine 
852 |a SNK  |b KIS3GCP 
958 |a RBX 
999 |c 3240474  |d 3242404